000 00616nam a2200193Ia 4500
003 GCL
008 140319s9999 xx 000 0 ara d
040 _aGCL /
_cGCL
082 0 4 _aد
_b410.05
_bم ب
100 1 _aمجمع اللغة العربية
245 1 0 _aالبحوث والمحاضرات للدورات 34 - 35 - 36 /
_cمجمع اللغة العربية
260 _a[S.N] :
_bالمجمع العلمى العربى ،
_c1967
300 _aمتعدد الترقيم
490 _aكتابى
_v0
650 0 4 _aدوريات
650 0 4 _aالابحاث
650 0 4 _aمحاضرات
942 _2ddc
_cCF
999 _c26937
_d26937